| 000 | 00769cam a2200253 a 4500 | ||
|---|---|---|---|
| 005 | 20260322212044.0 | ||
| 008 | data | ||
| 010 | _a 99089937 | ||
| 020 | _a0684864398 (pbk) | ||
| 020 | _a9780684864396 (pbk) | ||
| 040 |
_aDLC _cDLC _dDLC |
||
| 050 | 0 | 0 |
_aPN1064 _b.F56 2000 |
| 082 | 0 | 0 |
_a809.1 _221 |
| 092 | _a809.1 F56 2000 | ||
| 245 | 0 | 0 |
_aFirst loves : _bpoets introduce the essential poems that capitivated and inspired them / _cedited by Carmela Ciuraru. |
| 260 |
_aNew York : _bScribner, _cc2000. |
||
| 300 |
_a268 p. ; _c23 cm. |
||
| 504 | _aIncludes bibliographical references (p. 263-266) and index.. | ||
| 650 | 0 |
_aPoetry _xHistory and criticism. |
|
| 650 | 0 | _aEnglish poetry. | |
| 650 | 0 | _aAmerican poetry. | |
| 700 | 1 | _aCiuraru, Carmela. | |
| 001 | data | ||
| 999 |
_c1034 _d1034 |
||